[Event "World Rapid Women 2019"]
[Site "Moscow RUS"]
[Date "2019.12.28"]
[Round "12.25"]
[White "Gvetadze, Sofio"]
[Black "Assaubayeva, Bibisara"]
[Result "0-1"]
[WhiteTitle "IM"]
[BlackTitle "FM"]
[WhiteElo "2301"]
[BlackElo "2375"]
[WhiteFideId "13601440"]
[BlackFideId "13708694"]
[EventDate "2019.12.26"]

1. e4 e5 2. Nf3 Nc6 3. Bb5 a6 4. Ba4 Nf6 5. d3 d6 6. c3 g6 7. O-O Bg7 8. Re1 O-O
9. d4 b5 10. Bb3 Bb7 11. Nbd2 Nd7 12. Nf1 exd4 13. cxd4 Na5 14. Bc2 c5 15. Bf4
cxd4 16. Bxd6 Re8 17. Nxd4 Nc4 18. Nb3 Nxb2 19. Qf3 Nc4 20. Rad1 Nxd6 21. Rxd6
Ne5 22. Qd1 Qc7 23. Ne3 Rad8 24. Rxd8 Rxd8 25. Nd5 Qd6 26. Ne3 Qxd1 27. Rxd1
Rxd1+ 28. Nxd1 Nc4 29. Kf1 Kf8 30. Ke2 Ke7 31. f4 a5 32. Ne3 a4 33. Nc5 Nxe3 34.
Kxe3 Bc6 35. g4 Kd6 36. Nd3 Bc3 37. Nc1 Kc5 38. Ne2 Bb2 39. h4 b4 40. h5 Bb5 41.
hxg6 hxg6 42. e5 a3 43. Ng3 Bc1+ 44. Kf3 Bc4 45. Bb1 Bd5+ 46. Ke2 Bxf4 47. Ne4+
Kd4 48. Nf6 Bc4+ 49. Kf3 Bxe5 50. Nd7 b3 51. axb3 Bxb3 52. Nb8 Bxb8 0-1

[Event "World Rapid Women 2019"]
[Site "Moscow RUS"]
[Date "2019.12.28"]
[Round "12.26"]
[White "Protopopova, Anastasiya"]
[Black "Pourkashiyan, Atousa"]
[Result "0-1"]
[WhiteTitle "WFM"]
[BlackTitle "WGM"]
[WhiteElo "2230"]
[BlackElo "2305"]
[WhiteFideId "24172073"]
[BlackFideId "12502014"]
[EventDate "2019.12.26"]

1. d4 Nf6 2. c4 e6 3. g3 d5 4. Bg2 Be7 5. Nf3 O-O 6. O-O dxc4 7. Qc2 a6 8. a4
Bd7 9. Qxc4 Bc6 10. Bf4 Bd6 11. Qc1 Nbd7 12. Nc3 Ne4 13. Rd1 Ndf6 14. Bg5 Nxg5
15. Nxg5 Bxg2 16. Kxg2 Bb4 17. Qc2 Bxc3 18. Qxc3 a5 19. Qf3 c6 20. e4 h6 21. Nh3
Qb6 22. Rd2 Qb4 23. Rad1 Qxa4 24. Nf4 Qb4 25. h4 a4 26. g4 Qe7 27. Rd3 Nd7 28.
Qg3 e5 29. dxe5 Nxe5 30. Re3 Nc4 31. Re2 a3 32. bxa3 Rxa3 33. f3 Ne3+ 34. Rxe3
Rxe3 35. g5 hxg5 36. hxg5 Rd8 37. Rh1 Rd2+ 38. Kh3 Qd7+ 39. Kh4 g6 40. Ra1 Kg7
41. Ng2 Qd4 42. Ra8 Rxe4+ 43. fxe4 Qxe4+ 44. Nf4 Rd4 45. Re8 Qxf4+ 46. Qxf4
Rxf4+ 0-1

[Event "World Rapid Women 2019"]
[Site "Moscow RUS"]
[Date "2019.12.28"]
[Round "12.27"]
[White "Tomilova, Elena"]
[Black "Bodnaruk, Anastasia"]
[Result "0-1"]
[WhiteTitle "WGM"]
[BlackTitle "IM"]
[WhiteElo "2341"]
[BlackElo "2413"]
[WhiteFideId "4162340"]
[BlackFideId "4181751"]
[EventDate "2019.12.26"]

1. e4 c5 2. Nf3 d6 3. d4 cxd4 4. Qxd4 a6 5. h3 Nc6 6. Qe3 Nf6 7. Be2 g6 8. O-O
Bg7 9. Rd1 Bd7 10. c4 O-O 11. Nc3 Nb4 12. Rb1 Qc7 13. a3 Nc6 14. b4 e6 15. Bb2
Rfd8 16. Rbc1 Be8 17. Rd2 Qe7 18. Rcd1 e5 19. Nd5 Nxd5 20. exd5 Na7 21. c5 Ba4
22. cxd6 Qxd6 23. Rc1 Re8 24. Bd1 Bxd1 25. Rdxd1 Nb5 26. Qb3 Rac8 27. Ng5 Rxc1
28. Rxc1 Nd4 29. Bxd4 exd4 30. Qf3 Qf6 31. Ne4 Qe5 32. d6 Rd8 33. d7 Qe7 34. Nc5
b6 35. Nb7 Rxd7 36. Rc8+ Bf8 37. Rb8 d3 38. b5 d2 0-1

[Event "World Rapid Women 2019"]
[Site "Moscow RUS"]
[Date "2019.12.28"]
[Round "12.28"]
[White "Guichard, Pauline"]
[Black "Nomin-Erdene, Davaademberel"]
[Result "0-1"]
[WhiteTitle "IM"]
[BlackTitle "IM"]
[WhiteElo "2408"]
[BlackElo "2425"]
[WhiteFideId "639370"]
[BlackFideId "4900782"]
[EventDate "2019.12.26"]

1. c4 f5 2. Nc3 Nf6 3. g3 g6 4. Bg2 Bg7 5. d3 d6 6. e4 Nc6 7. Nge2 O-O 8. O-O e5
9. exf5 gxf5 10. d4 Ne7 11. Bg5 c6 12. c5 e4 13. Bxf6 Bxf6 14. d5 dxc5 15. d6
Ng6 16. Qb3+ Kh8 17. Rad1 b6 18. f3 exf3 19. Bxf3 Bd7 20. Bg2 Qe8 21. Bh3 Qe3+
22. Kh1 Be5 23. Qc2 Qg5 24. Qd3 Rf6 25. Qa6 Bc8 26. Qa4 Bxd6 27. Qxc6 Rb8 28.
Bg2 Bb7 29. Qd7 Nf8 30. Qa4 Bxg2+ 31. Kxg2 Be5 32. Qxa7 Re8 33. Nd5 Bb8 34. Qa6
Rh6 35. Nef4 Ng6 36. Rde1 Rg8 37. Qd3 Nxf4+ 38. Nxf4 Bxf4 39. Qc3+ Qg7 40. Qxg7+
Kxg7 41. Rxf4 Rd8 42. Re2 Rf6 43. Ref2 Kg6 44. h3 h5 45. b3 Kg5 46. R4f3 Rd4 47.
Kg1 Re4 48. Kf1 Rd4 49. Rf4 Rd5 50. g4 hxg4 51. hxg4 Re5 52. Kg2 Rd5 53. Kg3
Rd3+ 54. Kg2 Rd5 55. Kf1 Re5 56. Kg1 Rd5 57. Kg2 Re5 58. Kf1 Kg6 59. R4f3 Kg5
60. Kg2 f4 61. Kf1 Kxg4 62. Rc3 f3 63. Rd2 Rfe6 64. Rcc2 Kg3 65. Rc1 Rh6 66. Kg1
Reh5 0-1

[Event "World Rapid Women 2019"]
[Site "Moscow RUS"]
[Date "2019.12.28"]
[Round "12.29"]
[White "Kulon, Klaudia"]
[Black "Nebolsina, Vera"]
[Result "1-0"]
[WhiteTitle "IM"]
[BlackTitle "WGM"]
[WhiteElo "2345"]
[BlackElo "2240"]
[WhiteFideId "1131044"]
[BlackFideId "4163591"]
[EventDate "2019.12.26"]

1. c4 Nf6 2. g3 g6 3. Bg2 Bg7 4. Nc3 d6 5. e3 e5 6. Nge2 Nc6 7. O-O O-O 8. Rb1
a5 9. a3 Bf5 10. d3 Qd7 11. Re1 Bh3 12. Bh1 Nh5 13. Nd5 f5 14. b4 axb4 15. axb4
Rae8 16. b5 Nd8 17. Bg2 Bxg2 18. Kxg2 c6 19. bxc6 bxc6 20. Nb6 Qe6 21. f4 Nf7
22. fxe5 Bxe5 23. Ba3 g5 24. d4 Bg7 25. Nc3 Qg6 26. Nd7 g4 27. Nxf8 Bxf8 28. Qd3
Ng5 29. Rf1 Nf3 30. h4 gxh3+ 31. Kxf3 Qg4+ 32. Kf2 Qxg3+ 33. Ke2 Qg2+ 34. Kd1 h2
35. Qxf5 h1=Q 36. Qf7+ Kh8 37. Rxh1 Qxh1+ 38. Kd2 Qg2+ 39. Ne2 Qg6 40. Qxg6 hxg6
41. Kd3 Bh6 42. e4 Rf8 43. Bxd6 Rf3+ 44. Kc2 Rf2 45. Re1 Bf4 46. c5 Kg7 47. Kd3
Rf3+ 48. Kc4 Re3 49. Rf1 Rxe2 50. Bxf4 Rxe4 51. Be5+ Kh6 52. Rf8 g5 53. Rc8 g4
54. Rxc6+ Kg5 55. Rc8 Nf4 56. Bxf4+ Kxf4 57. c6 Ke3 58. Rd8 g3 59. c7 g2 60. Rg8
Rxd4+ 61. Kc3 Rd1 62. Rxg2 1-0

[Event "World Rapid Women 2019"]
[Site "Moscow RUS"]
[Date "2019.12.28"]
[Round "12.30"]
[White "Goltseva, Ekaterina"]
[Black "Bivol, Alina"]
[Result "1/2-1/2"]
[WhiteTitle "FM"]
[BlackTitle "WGM"]
[WhiteElo "2297"]
[BlackElo "2374"]
[WhiteFideId "24173770"]
[BlackFideId "4100123"]
[EventDate "2019.12.26"]

1. d4 Nf6 2. c4 g6 3. Nc3 Bg7 4. e4 d6 5. Nf3 O-O 6. h3 a6 7. Be3 Nbd7 8. Be2 c5
9. dxc5 Qa5 10. cxd6 Nxe4 11. dxe7 Re8 12. O-O Nxc3 13. bxc3 Bxc3 14. Rc1 Bf6
15. c5 Rxe7 16. Bc4 Ne5 17. Nxe5 Bxe5 18. Bg5 Re8 19. Qf3 Qc7 20. Bd5 Rb8 21. c6
bxc6 22. Bxc6 Bb7 23. Rfd1 Bxc6 24. Rxc6 Qa5 25. Qd3 Qxa2 26. Rxa6 Qb2 27. g3
Rb3 28. Qd2 Qxd2 29. Rxd2 Rc8 1/2-1/2

[Event "World Rapid Women 2019"]
[Site "Moscow RUS"]
[Date "2019.12.28"]
[Round "12.31"]
[White "Kovalevskaya, Ekaterina"]
[Black "Bykova, Anastasia"]
[Result "1-0"]
[WhiteTitle "IM"]
[BlackTitle "WFM"]
[WhiteElo "2407"]
[BlackElo "2247"]
[WhiteFideId "4116704"]
[BlackFideId "4164970"]
[EventDate "2019.12.26"]

1. Nf3 d5 2. g3 Nf6 3. Bg2 c6 4. O-O Bg4 5. d3 Nbd7 6. Nbd2 e5 7. e4 dxe4 8.
dxe4 Be7 9. Qe2 Qc7 10. b3 O-O 11. Bb2 Rfe8 12. Nc4 b5 13. Ne3 Bh5 14. Nf5 Bf8
15. h3 Nc5 16. Rfe1 Nfd7 17. Rad1 f6 18. Rd2 Rad8 19. Red1 Nb6 20. Rxd8 Rxd8 21.
Rxd8 Qxd8 22. Qd2 Qxd2 23. Nxd2 Bf7 24. Kf1 a5 25. Ke2 h5 26. h4 g6 27. Ne3 Be6
28. f4 exf4 29. gxf4 Kf7 30. f5 Bd7 31. Bf3 Bd6 32. Bd4 Be8 33. fxg6+ Kxg6 34.
Nf5 Bf8 35. Ng3 Kh6 36. Be3+ Kh7 37. Bxh5 Bxh5+ 38. Nxh5 Nbd7 39. Bd4 Kg6 40.
Nf4+ Kf7 41. Kf3 Bh6 42. Bxc5 Nxc5 43. Nf1 a4 44. Ne3 axb3 45. axb3 Nd7 46. Nd3
c5 47. Nf5 Bf8 48. Nf4 c4 49. bxc4 Ne5+ 50. Ke2 bxc4 51. h5 Ng4 52. Ne3 Ne5 53.
Nf5 Ng4 54. Nd5 Bc5 55. Kf3 Ne5+ 56. Kf4 Bf8 57. h6 Ng6+ 58. Kg4 Ne5+ 59. Kh5
Bxh6 60. Nxh6+ Ke6 61. Nf5 Nf3 62. Nfe3 Ke5 63. Nb6 Kxe4 64. Nexc4 Nd4 65. Nd6+
Ke5 66. Nf7+ Ke6 67. Nd8+ Kd6 68. c3 Ne2 69. Na4 Nxc3 70. Nxc3 f5 71. Nf7+ Kc5
72. Ng5 f4 73. Nf3 Kc4 74. Ne2 Kd3 75. Ned4 Ke4 76. Kg5 Kd5 77. Kf5 Kc4 78. Ke4
Kc5 79. Kd3 Kd5 80. Nb3 Ke6 81. Ke4 Kd6 82. Nbd2 Kc6 83. Kd4 Kd6 84. Nc4+ Kc6
85. Nce5+ Kd6 86. Kc4 Ke6 87. Kc5 Ke7 88. Kd5 Kf6 89. Ke4 Ke6 90. Nc4 Kf6 91.
Nd6 Ke6 92. Nb5 Kf6 93. Nbd4 Kf7 94. Kd5 Ke7 95. Kc5 Kd7 96. Kd5 Kc7 97. Nb5+
Kd7 98. Nd6 Kc7 99. Nc4 Kd7 100. Nb6+ Kc7 101. Kc5 Kb7 102. Nd5 Ka6 103. Kb4 Ka7
104. Ka5 Kb7 105. Kb5 Ka7 106. Nc7 Kb7 107. Na6 Kc8 108. Kc6 Kd8 109. Kd6 Ke8
110. Nc5 Kf7 111. Nd7 Ke8 112. Nde5 Kd8 113. Nd3 Kc8 114. Nc5 Kd8 115. Nb7+ Kc8
116. Kc6 Kb8 117. Nd6 Ka7 118. Kb5 Ka8 119. Kb6 Kb8 120. Nd4 f3 121. Nc6+ Ka8
122. Nb5 1-0

[Event "World Rapid Women 2019"]
[Site "Moscow RUS"]
[Date "2019.12.28"]
[Round "12.32"]
[White "Novikova, Anna"]
[Black "Ovod, Evgenija"]
[Result "0-1"]
[WhiteTitle "WIM"]
[BlackTitle "IM"]
[WhiteElo "2260"]
[BlackElo "2362"]
[WhiteFideId "4146794"]
[BlackFideId "4131827"]
[EventDate "2019.12.26"]

1. e4 e5 2. Nf3 Nc6 3. Bc4 Bc5 4. O-O Nf6 5. d3 a6 6. Bb3 Ba7 7. Bg5 h6 8. Bh4
g5 9. Bg3 d6 10. c3 Bg4 11. Nbd2 h5 12. h4 Nh7 13. Qc2 Ne7 14. d4 Ng6 15. dxe5
gxh4 16. Bh2 dxe5 17. Nxe5 Nxe5 18. Bxe5 Qg5 19. Qd3 Qxe5 20. Nf3 Bxf3 21. Qxf3
Ng5 22. Qf5 Qxf5 23. exf5 O-O-O 24. Kh2 f6 25. f4 Ne4 26. Rfe1 Nc5 27. Bc4 Nd3
28. Bxd3 Rxd3 29. Re6 Rf8 30. Rae1 Bf2 31. Rf1 Bg3+ 32. Kg1 Rd2 33. Re7 Rxb2 34.
Ra1 Bxf4 35. Rh7 Rg8 0-1

[Event "World Rapid Women 2019"]
[Site "Moscow RUS"]
[Date "2019.12.28"]
[Round "12.33"]
[White "Solozhenkina, Elizaveta"]
[Black "Borisova, Ekaterina"]
[Result "1-0"]
[WhiteTitle "WIM"]
[BlackTitle "FM"]
[WhiteElo "2329"]
[BlackElo "2344"]
[WhiteFideId "34106615"]
[BlackFideId "34124184"]
[EventDate "2019.12.26"]

1. e4 d6 2. d4 Nf6 3. Nc3 e5 4. Nf3 Nbd7 5. Bc4 Be7 6. a4 O-O 7. O-O c6 8. Re1
a5 9. h3 Nb6 10. Ba2 Nfd7 11. Be3 exd4 12. Bxd4 Nc5 13. Qe2 Nbxa4 14. Nxa4 Nxa4
15. Bxf7+ Rxf7 16. Rxa4 b5 17. Raa1 Qf8 18. Kh2 Be6 19. b3 c5 20. Bc3 b4 21. Bd2
d5 22. exd5 Bxd5 23. Rad1 Bd6+ 24. Kg1 Bxf3 25. gxf3 Rf6 26. Qc4+ Kh8 27. Re6
Rxf3 28. Qe4 Rd8 29. Bg5 Bh2+ 30. Kxh2 Rxf2+ 31. Kg3 Rxd1 32. Re8 Rg1+ 33. Kh4
h6 34. Be3 g5+ 35. Kh5 Re1 36. Rxf8+ Rxf8 37. Bd4+ cxd4 38. Qxe1 Rf4 39. Kxh6
Rh4+ 40. Kxg5 Rxh3 41. Qe8+ 1-0

[Event "World Rapid Women 2019"]
[Site "Moscow RUS"]
[Date "2019.12.28"]
[Round "12.34"]
[White "Doluhanova, Evgeniya"]
[Black "Yakimova, Mariya"]
[Result "1-0"]
[WhiteTitle "WGM"]
[BlackTitle "WFM"]
[WhiteElo "2293"]
[BlackElo "2288"]
[WhiteFideId "14112035"]
[BlackFideId "34188859"]
[EventDate "2019.12.26"]

1. Nf3 Nf6 2. b3 g6 3. Bb2 Bg7 4. d3 d6 5. e4 c5 6. c4 e5 7. Nc3 O-O 8. Be2 Nc6
9. Qd2 Nd4 10. Nxd4 cxd4 11. Nd1 Be6 12. O-O Qd7 13. Ba3 b6 14. Qg5 h6 15. Qg3
Rfe8 16. f4 Kh7 17. Nf2 b5 18. cxb5 Rab8 19. Rac1 Rxb5 20. Rc2 Ra5 21. Bb4 Rb5
22. Bd2 Rc8 23. Rfc1 Rxc2 24. Rxc2 Qb7 25. h4 exf4 26. Bxf4 d5 27. Bf3 Qb6 28.
h5 Rc5 29. hxg6+ fxg6 30. Re2 dxe4 31. Nxe4 Nxe4 32. Bxe4 Bf5 33. Bd6 Rc1+ 34.
Kh2 Bxe4 35. Rxe4 Qa5 36. Be5 Qb5 37. Bxg7 Kxg7 38. Re7+ Kf8 39. Re5 Qc6 40.
Qf4+ Kg8 41. Re7 Rf1 42. Qxd4 Rf6 43. Rxa7 Kf8 44. Qd8+ 1-0

[Event "World Rapid Women 2019"]
[Site "Moscow RUS"]
[Date "2019.12.28"]
[Round "12.35"]
[White "Geller, Anastasiya"]
[Black "Song, Yuxin"]
[Result "0-1"]
[WhiteTitle "WFM"]
[BlackTitle "WIM"]
[WhiteElo "2161"]
[BlackElo "2299"]
[WhiteFideId "24119059"]
[BlackFideId "8614300"]
[EventDate "2019.12.26"]

1. d4 Nf6 2. Bf4 d5 3. e3 c5 4. c3 Nc6 5. Bd3 e6 6. Nd2 Bd6 7. Bg3 O-O 8. Ngf3
b6 9. Ne5 Bb7 10. O-O Qc7 11. f4 Ne7 12. Qf3 Nf5 13. Bf2 Be7 14. g4 Nd6 15. g5
Nfe4 16. Qh3 Nf5 17. Ndf3 cxd4 18. cxd4 f6 19. gxf6 gxf6 20. Ng4 Kh8 21. Nh6
Nxh6 22. Qxh6 Rac8 23. Nh4 Rg8+ 24. Kh1 Nxf2+ 25. Rxf2 f5 26. Nf3 Rg6 27. Qh3
Bf6 28. Rg2 Rcg8 29. Rxg6 Rxg6 30. Rg1 Rxg1+ 31. Nxg1 Bc6 32. Nf3 Be8 33. Qf1
Bh5 34. Ne5 Bxe5 35. fxe5 Qe7 36. Be2 Bg6 37. Qc1 Qd7 38. Kg2 Kg7 39. a3 Qe7 40.
Qe1 a5 41. Bf3 Qg5+ 42. Kh1 f4 43. e4 dxe4 44. Bxe4 Qg4 45. Bxg6 hxg6 46. Qe4 g5
47. Qb7+ Kg6 48. Qe7 Qf3+ 49. Kg1 Qd1+ 50. Kg2 Qd2+ 51. Kf1 Qc1+ 52. Ke2 Qxb2+
53. Kd3 Qb3+ 54. Kd2 Kf5 55. Qf6+ Ke4 56. Qxg5 Qb2+ 57. Ke1 Qa1+ 58. Kf2 Qxd4+
59. Kg2 Qxe5 60. Qg6+ Qf5 61. Qg7 f3+ 62. Kf2 Qc5+ 63. Kg3 Qg1+ 0-1

[Event "World Rapid Women 2019"]
[Site "Moscow RUS"]
[Date "2019.12.28"]
[Round "12.36"]
[White "Sgircea, Silvia-Raluca"]
[Black "Dordzhieva, Dinara"]
[Result "1/2-1/2"]
[WhiteTitle "WIM"]
[BlackTitle "WIM"]
[WhiteElo "2271"]
[BlackElo "2314"]
[WhiteFideId "1213776"]
[BlackFideId "24157570"]
[EventDate "2019.12.26"]

1. Nf3 d5 2. e3 Nf6 3. c4 dxc4 4. Bxc4 e6 5. O-O c5 6. Qe2 a6 7. a4 Nc6 8. Rd1
Be7 9. Nc3 O-O 10. d4 cxd4 11. exd4 Nb4 12. Bg5 Bd7 13. Bxf6 Bxf6 14. d5 exd5
15. Nxd5 Nxd5 16. Bxd5 Qb6 17. Ne5 Bf5 18. Qf3 Bc2 19. Nd7 Bxd1 20. Rxd1 Qxb2
21. Nxf8 Rxf8 22. Bxb7 a5 23. g3 g6 24. Rd7 Qa1+ 25. Qd1 Qxd1+ 26. Rxd1 Rd8 27.
Rxd8+ Bxd8 1/2-1/2

[Event "World Rapid Women 2019"]
[Site "Moscow RUS"]
[Date "2019.12.28"]
[Round "12.37"]
[White "Dauletova, Gulmira"]
[Black "Mamedjarova, Turkan"]
[Result "1-0"]
[WhiteTitle "WIM"]
[BlackTitle "WGM"]
[WhiteElo "2250"]
[BlackElo "2310"]
[WhiteFideId "13702971"]
[BlackFideId "13402005"]
[EventDate "2019.12.26"]

1. e4 c6 2. d4 d5 3. Nc3 dxe4 4. Nxe4 Bf5 5. Ng3 Bg6 6. h4 h6 7. Nf3 Nd7 8. h5
Bh7 9. Bd3 Bxd3 10. Qxd3 e6 11. Bd2 Ngf6 12. O-O-O Bd6 13. Ne4 Nxe4 14. Qxe4 Nf6
15. Qe2 Bc7 16. c4 Qe7 17. Ne5 O-O-O 18. Bc3 Nd7 19. f4 Nxe5 20. fxe5 Rd7 21.
Qg4 Rg8 22. Rd2 Kb8 23. a3 a5 24. Rf1 b5 25. cxb5 cxb5 26. b4 Bb6 27. Kb2 Rc7
28. d5 Rc4 29. d6 Qa7 30. Qf3 Bd4 31. Bxd4 Rxd4 32. Rfd1 Rc4 33. Qb3 f6 34. Rc2
Rxc2+ 35. Qxc2 axb4 36. axb4 fxe5 37. d7 Rd8 38. Qc6 Qb7 39. Qd6+ Qc7 40. Qxe6
Kb7 41. Rd6 Qc4 42. Rb6+ Ka7 43. Ra6+ 1-0

[Event "World Rapid Women 2019"]
[Site "Moscow RUS"]
[Date "2019.12.28"]
[Round "12.38"]
[White "Manakova, Maria"]
[Black "Ovezdurdiyeva, Jemal"]
[Result "1/2-1/2"]
[WhiteTitle "WGM"]
[BlackTitle "WFM"]
[WhiteElo "2238"]
[BlackElo "2061"]
[WhiteFideId "927007"]
[BlackFideId "14001888"]
[EventDate "2019.12.26"]

1. e4 c5 2. Nc3 d6 3. Bb5+ Bd7 4. Bxd7+ Qxd7 5. Nf3 g6 6. h4 h5 7. e5 dxe5 8.
Nxe5 Qe6 9. Qe2 Bg7 10. Nd3 Qxe2+ 11. Nxe2 Nd7 12. Rb1 e5 13. f3 Ngf6 14. b4 c4
15. Nc5 O-O-O 16. Nxd7 Rxd7 17. b5 Nd5 18. O-O Bf6 19. g3 g5 20. hxg5 Bxg5 21.
Nc3 Nxc3 22. dxc3 Bxc1 23. Rfxc1 Rd2 24. Rb4 Rg8 25. Rxc4+ Kb8 26. g4 f5 27. Rf1
f4 28. Rf2 Rd1+ 29. Kg2 hxg4 30. fxg4 Rxg4+ 31. Kf3 Rg3+ 32. Ke4 Re3+ 33. Kf5
Rd8 34. Rh2 f3 35. Ke6 e4 36. Rh7 Re8+ 37. Kd6 Re1 38. Rcc7 Rd1+ 39. Kc5 f2 40.
Rxb7+ Kc8 41. Rxa7 Re5+ 42. Kc6 Re6+ 43. Kc5 Re5+ 44. Kc6 Re6+ 45. Kc5 Re5+ 46.
Kc6 Rxb5 1/2-1/2

[Event "World Rapid Women 2019"]
[Site "Moscow RUS"]
[Date "2019.12.28"]
[Round "12.39"]
[White "Mikhaylova, Irina"]
[Black "Gevorgyan, Maria"]
[Result "1-0"]
[WhiteTitle "WGM"]
[BlackTitle "WGM"]
[WhiteElo "2288"]
[BlackElo "2255"]
[WhiteFideId "4109040"]
[BlackFideId "13300270"]
[EventDate "2019.12.26"]

1. d4 d5 2. Nf3 Nf6 3. c4 dxc4 4. e3 e6 5. Bxc4 a6 6. Qe2 c5 7. O-O b5 8. Bd3
Qc7 9. dxc5 Bxc5 10. Nbd2 Bb7 11. Nb3 Bd6 12. e4 Nbd7 13. h3 Rc8 14. Bd2 O-O 15.
Rac1 Qb8 16. Ba5 Qa8 17. Rfe1 Rxc1 18. Nxc1 Rc8 19. Nb3 Nh5 20. g3 Qb8 21. e5
Bc5 22. Nxc5 Nxc5 23. Bb1 g6 24. Bc3 Ba8 25. Ng5 Rd8 26. a3 Ng7 27. g4 Ne8 28.
Ne4 Na4 29. Ba5 Rd4 30. Nf6+ Nxf6 31. exf6 Qb7 32. f3 Qxf3 33. Qxf3 Bxf3 34. b3
Nc5 35. Bb6 Nxb3 36. Bxd4 Nxd4 37. Kf2 Bd5 38. Rc1 h6 39. Rc8+ Kh7 40. Rc7 e5
41. Ra7 Ne6 42. Rxa6 Nf4 43. Rb6 Bc4 44. h4 Nd5 45. Rd6 Nc3 46. Bc2 Nd5 47. g5
Nf4 48. Kg3 Ne6 49. Rd7 hxg5 50. Rxf7+ Kh6 51. Re7 Nd4 52. Be4 gxh4+ 53. Kxh4
Ne6 54. Bd3 Bd5 55. Bxb5 g5+ 56. Kg3 Kg6 57. f7 Nf8 58. Rxe5 Bxf7 59. a4 Kf6 60.
Re1 Ne6 61. Bc4 Nc5 62. Rf1+ Ke5 63. Bxf7 Nxa4 64. Bg6 Nc3 65. Kg4 Nd5 66. Rf5+
Ke6 67. Bf7+ 1-0

[Event "World Rapid Women 2019"]
[Site "Moscow RUS"]
[Date "2019.12.28"]
[Round "12.40"]
[White "Strutinskaia, Galina"]
[Black "Hejazipour, Mitra"]
[Result "1/2-1/2"]
[WhiteTitle "WGM"]
[BlackTitle "WGM"]
[WhiteElo "2214"]
[BlackElo "2277"]
[WhiteFideId "4108558"]
[BlackFideId "12505951"]
[EventDate "2019.12.26"]

1. d4 Nf6 2. Nf3 e6 3. c4 b6 4. g3 Bb7 5. Bg2 Bb4+ 6. Bd2 Be7 7. O-O c6 8. Bf4
d5 9. cxd5 cxd5 10. Nc3 Nc6 11. Rc1 O-O 12. Qd3 Rc8 13. Rfd1 Nh5 14. Bd2 Bd6 15.
Bg5 Qd7 16. e4 dxe4 17. Nxe4 Nb4 18. Qb1 h6 19. Nxd6 Qxd6 20. a3 Nd5 21. Bd2
Nhf6 22. Ne5 Rfd8 23. Be1 Ba6 24. b4 Bb5 25. Qb3 Be2 26. Rxc8 Rxc8 27. Rd2 Bb5
28. Rc2 Rc7 29. Rxc7 Qxc7 30. Bd2 Be2 31. h3 h5 32. a4 b5 33. axb5 Bxb5 34. Bf3
Qb6 35. Qb2 Ne7 36. Qc3 Nfd5 37. Qc5 f6 38. Bxd5 Nxd5 39. Ng6 Bd3 40. Qxb6 Nxb6
41. Nf4 Bf5 42. Nxh5 Bxh3 43. f3 Bf5 44. Kf2 Kf7 45. Nf4 g5 46. Ng2 Ke7 47. g4
Bd3 48. f4 Nc4 49. Bc3 Nd6 50. Bb2 Kd7 51. fxg5 fxg5 52. Bc1 Kc6 53. Ne1 Bb1 54.
Nf3 Ne4+ 55. Ke1 Kb5 56. Nxg5 Nxg5 57. Bxg5 Kxb4 58. Kd2 Kb3 59. Bd8 Kc4 60. Ke3
Kd5 61. g5 Bg6 62. Ba5 Kc4 63. Bc7 a6 64. Bd8 Bh7 65. Bc7 Kb5 66. Kf4 Kc6 67.
Bd8 Kd5 68. Ke3 Bg6 69. Bc7 1/2-1/2

[Event "World Rapid Women 2019"]
[Site "Moscow RUS"]
[Date "2019.12.28"]
[Round "12.41"]
[White "Munkhzul, Turmunkh"]
[Black "Lysenko, Margarita"]
[Result "1-0"]
[WhiteTitle "WIM"]
[BlackTitle "WFM"]
[WhiteElo "2278"]
[BlackElo "2290"]
[WhiteFideId "4901878"]
[BlackFideId "34100200"]
[EventDate "2019.12.26"]

1. e4 c5 2. Nf3 d6 3. d4 cxd4 4. Nxd4 Nf6 5. Nc3 a6 6. Be3 e5 7. Nb3 Be6 8. f3
Nbd7 9. Qd2 h5 10. Nd5 Bxd5 11. exd5 g6 12. Be2 Bg7 13. O-O O-O 14. Na5 Qc7 15.
c4 e4 16. f4 Ng4 17. Bxg4 hxg4 18. Rab1 Nc5 19. b4 Nd3 20. f5 Qe7 21. c5 Rad8
22. c6 b5 23. c7 Rc8 24. Nc6 Qxc7 25. f6 Bh8 26. Bd4 Rfe8 27. Qe3 Qd7 28. Rb3
Rxc6 29. dxc6 Qxc6 30. Rc3 Qd7 31. a3 d5 32. Qg3 Rc8 33. Rxc8+ Qxc8 34. Qd6 Qc4
35. Be3 Qb3 36. Qe7 d4 37. Bxd4 Qd5 38. Be3 Ne5 39. Rc1 Nc4 40. Qc5 Qe6 41. Bd4
Bxf6 42. Bxf6 Qxf6 43. Rf1 Qe6 44. Rd1 e3 45. Rd8+ Kg7 46. Qd4+ Qe5 47. Qxe5+
Nxe5 48. Kf1 Nc4 49. Ra8 Nxa3 50. Rxa6 Nc2 51. Rb6 Nxb4 52. Rxb5 Nd3 53. g3 f6
54. Ke2 Ne5 55. Kxe3 g5 56. Ke4 Nf7 57. Rc5 Kg6 58. Rd5 Nh6 59. Rd6 Nf7 60. Re6
Nh6 61. Re7 Nf7 62. Kd5 Nh6 63. Re8 Kf7 64. Ra8 Nf5 65. Ke4 Nh6 66. Kd5 Nf5 67.
Ra4 Nh6 68. Ra7+ Kg6 69. Ke6 Nf5 70. Rd7 Ng7+ 71. Ke7 Nf5+ 72. Kf8 Ne3 73. Rd6
Nf5 74. Rd8 Ne3 75. Ke7 Nf5+ 76. Ke6 Ng7+ 77. Kd5 Nf5 78. Ke4 Nh6 79. Rd6 Nf5
80. Ra6 Nh6 81. Kd5 Kf7 82. Ra4 Kg6 83. Ke6 Kg7 84. Ra8 f5 85. Ke5 Kg6 86. Ra6+
Kg7 87. Rf6 f4 88. gxf4 gxf4 89. Rxf4 Kg6 90. Rf8 Nf7+ 91. Kf4 Nh6 92. Ra8 Kh5
93. Rh8 Kg6 94. Ra8 Kh5 95. Ra5+ Kg6 96. Kg3 Kf6 97. Kh4 Kg6 98. Ra6+ Kg7 99.
Kg5 Nf7+ 100. Kxg4 Nh6+ 101. Kh5 Nf7 102. h4 Kh7 103. Ra7 Kg7 104. Kg4 Kf6 105.
h5 Nh6+ 106. Kf4 Nf7 107. Ra6+ Kg7 108. Rg6+ Kh7 109. Kf5 Nh6+ 110. Kg5 Nf7+
111. Kf6 Nh6 112. Rg7+ Kh8 113. Kg6 Ng4 114. Re7 1-0

[Event "World Rapid Women 2019"]
[Site "Moscow RUS"]
[Date "2019.12.28"]
[Round "12.42"]
[White "Agrest, Inna"]
[Black "Injac, Teodora"]
[Result "1/2-1/2"]
[WhiteTitle "WIM"]
[BlackTitle "WIM"]
[WhiteElo "2286"]
[BlackElo "2284"]
[WhiteFideId "1708830"]
[BlackFideId "932400"]
[EventDate "2019.12.26"]

1. e4 e6 2. d4 d5 3. Nc3 Nf6 4. Bg5 Bb4 5. e5 h6 6. Bc1 Nfd7 7. a3 Be7 8. Qg4
Kf8 9. f4 c5 10. Nf3 Nc6 11. Ne2 b5 12. c3 b4 13. axb4 cxb4 14. Ng3 g6 15. Bd3
h5 16. Qh3 Kg7 17. O-O Nb6 18. Ng5 a5 19. Ne2 Ba6 20. Bxg6 Bxg5 21. fxg5 Kxg6
22. Rf6+ Kg7 23. g6 Ra7 24. Nf4 Bc8 25. gxf7 Rxf7 26. Qg3+ Kf8 27. Ng6+ Ke8 28.
Nxh8 Rxf6 29. exf6 Qxf6 30. Qg8+ Qf8 31. Qg6+ Kd7 32. Qf7+ Qxf7 33. Nxf7 bxc3
34. bxc3 Nc4 35. Bf4 Ba6 36. Ne5+ N6xe5 37. Bxe5 Bb5 38. Bg7 Ke8 39. Bh6 a4 40.
Bc1 Kf7 41. Kf2 Kg6 42. Rb1 Bc6 43. Ra1 Kf5 44. Ke2 Ke4 45. Ba3 Bb5 46. Kf2 Kd3
47. Bb4 Kc2 48. Re1 Bd7 49. Kg3 a3 50. Bxa3 Nxa3 51. Kh4 Kxc3 52. Re3+ Kb4 53.
Kxh5 Nc2 54. Re5 Nxd4 55. g4 Nc6 56. Re1 e5 57. g5 e4 58. g6 Ne5 59. g7 Be6 60.
Rb1+ Kc3 61. Kg5 Nd7 62. Rc1+ Kd2 63. Rc6 Bg8 64. Rc8 Be6 65. Re8 Nc5 66. Kf6 e3
67. Rxe6 Nxe6 68. g8=Q e2 69. Qxe6 e1=Q 70. Qxe1+ Kxe1 71. Ke5 Ke2 72. h4 Ke3
73. h5 d4 74. h6 d3 75. h7 d2 76. h8=Q d1=Q 77. Qh3+ Kd2 1/2-1/2